OPAC Home

The Loggerhead Turtles In The Natinal Musuem Of Ireland, with Special Reference To Those Taken In Irish Waters. (Record no. 235242)

MARC details
000 -LEADER
fixed length control field 00601nam a22001937a 4500
003 - CONTROL NUMBER IDENTIFIER
control field LK-CoDNM
005 - DATE AND TIME OF LATEST TRANSACTION
control field 20250107113002.0
008 - FIXED-LENGTH DATA ELEMENTS--GENERAL INFORMATION
fixed length control field 250107b |||||||| |||| 00| 0 eng d
040 ## - CATALOGING SOURCE
Original cataloging agency LK-CoDNM
Modifying agency LK-CoDNM
Description conventions LK-CoDNM
041 ## - LANGUAGE CODE
Language code of text/sound track or separate title English
080 ## - UNIVERSAL DECIMAL CLASSIFICATION NUMBER
Universal Decimal Classification number 4
Item number I23
942 ## - ADDED ENTRY ELEMENTS (KOHA)
Koha item type Books
100 ## - MAIN ENTRY--PERSONAL NAME
Personal name P. E. P. Deraniyagala
245 ## - TITLE STATEMENT
Title The Loggerhead Turtles In The Natinal Musuem Of Ireland, with Special Reference To Those Taken In Irish Waters.
Remainder of title September 1938 No. 3
260 ## - PUBLICATION, DISTRIBUTION, ETC. (IMPRINT)
Place of publication, distribution, etc. Cambridge
Name of publisher, distributor, etc. Harvard University Press
Date of publication, distribution, etc. 1933
300 ## - PHYSICAL DESCRIPTION
Extent 4p. : ill , 21 cm
490 ## - SERIES STATEMENT
Volume/sequential designation Volume vii
650 ## - SUBJECT ADDED ENTRY--TOPICAL TERM
Topical term or geographic name as entry element Science
Holdings
Withdrawn status Lost status Damaged status Not for loan Collection code Permanent Location Current Location Shelving location Date acquired Full call number Barcode Koha item type
    Damaged   Science Library National Museum Colombo - Sri Lanka Library National Museum Colombo - Sri Lanka Reference 2025-01-07 4 I23 OS1127 Books
Copyright © 2023 Department of National Museum, Colombo 07, Sri Lanka Funded by UNESCO IFAP UNESCO